Private foundations : (Record no. 1862)

000 -LEADER
fixed length control field nam a22 a 4500
005 - DATE AND TIME OF LATEST TRANSACTION
control field 20170512104450.0
008 - FIXED-LENGTH DATA ELEMENTS--GENERAL INFORMATION
fixed length control field 170512b2003 xxu||||| |||| 00| 0 eng d
020 ## - INTERNATIONAL STANDARD BOOK NUMBER
International Standard Book Number 0471444383
040 ## - CATALOGING SOURCE
Original cataloging agency AKMAL
082 ## - DEWEY DECIMAL CLASSIFICATION NUMBER
Classification number 343.730668 HOP
090 ## - LOCALLY ASSIGNED LC-TYPE CALL NUMBER (OCLC); LOCAL CALL NUMBER (RLIN)
Classification number (OCLC) (R) ; Classification number, CALL (RLIN) (NR) 343.730668
Local cutter number (OCLC) ; Book number/undivided call number, CALL (RLIN) HOP
100 1# - MAIN ENTRY--PERSONAL NAME
Personal name Hopkins, Bruce R
9 (RLIN) 3860
245 10 - TITLE STATEMENT
Title Private foundations :
Remainder of title tax law and compliance /
Statement of responsibility, etc. Bruce R. Hopkins, Jody Blazek. 2005 cumulative supplement.
246 3# - VARYING FORM OF TITLE
Title proper/short title 2005 cumulative supplement
250 ## - EDITION STATEMENT
Edition statement 2nd ed
260 ## - PUBLICATION, DISTRIBUTION, ETC.
Place of publication, distribution, etc. Hoboken, N.J. ; |a [Chichester] :
Name of publisher, distributor, etc. John Wiley & Sons,
Date of publication, distribution, etc. 2005.
300 ## - PHYSICAL DESCRIPTION
Extent xvi, 175 p. ;
Dimensions 26cm
500 ## - GENERAL NOTE
General note Formerly CIP
504 ## - BIBLIOGRAPHY, ETC. NOTE
Bibliography, etc. note Includes bibliographical references and index.
599 ## - LOCAL NOTE
Local Note DALAM PROSES
650 #0 - SUBJECT ADDED ENTRY--TOPICAL TERM
Topical term or geographic name entry element Nonprofit organizations
General subdivision Taxation, Law and legislation,
Geographic subdivision United States
9 (RLIN) 3861
650 #0 - SUBJECT ADDED ENTRY--TOPICAL TERM
Topical term or geographic name entry element Charitable uses, trusts, and foundations
Form subdivision Taxation
Geographic subdivision United States
9 (RLIN) 3862
700 1# - ADDED ENTRY--PERSONAL NAME
Personal name Blazek, Jody.
9 (RLIN) 3863
852 41 - LOCATION
Location British Library
Sublocation or collection HMNTS
942 ## - ADDED ENTRY ELEMENTS (KOHA)
Source of classification or shelving scheme
Koha item type Book
Holdings
Withdrawn status Lost status Source of classification or shelving scheme Damaged status Not for loan Collection code Home library Current library Shelving location Date acquired Inventory number Total Checkouts Full call number Barcode Date last seen Price effective from Koha item type
          NON-FICTION AKMAL Melaka AKMAL Melaka PINJAMAN 12.05.2017 303751   343.730668 HOP 201705762 12.05.2017 12.05.2017 Book
Pusat Sumber Maklumat Dato' Haji Sarmin Md Hussin, Akademi Kastam Diraja Malaysia, Melaka
Tel: 06-2331106 | Faks: 06-2313787